00563 a2200145 4500020001500000082001600015100001700031245006200048260004800110300003400158650003200192999001500224952009600239952008200335 a8173195056 a628.144 BHA aBhave, P. R. aOptimal Design of Water Distribution Networks/cP R Bhave aNew Delhi :bNarosa Publishing House,c2003 axviii, 449p. :bill. ;c25 cm awater Distribution Networks c1667d1667 00104070aNITbNITcCEd0000-00-00l0o628.144 BHApNIT-1056 r2017-01-05w2017-01-05yBK 00104070aNITbNITcCEd0000-00-00l0pNIT-6654r2017-01-05w2017-01-05yBK